00382 2200145 4500001002100000005001500021035002000036245007300056100001100129300001200140260005000152082000800202084001400210990001200224INLIS00000000000183620250508011818 a0010-05250001281 aUndang - Undang Dasar Negara Republik Indonesia Tahun 1945 /cMPR RI0 aMPR RI a171 hlm aJakarta :bSekretariat Jenderal MPR RI,c2016 a300 a300 MPR u a0754768